[Event "Aut_2.Bundesliga_Ost_2004/05"]
[Site "Eichgraben(1+2) Wien(3+4) Wien"]
[Date "2004.10.09"]
[Round "1"]
[Board "4"]
[White "Ponjican, Erich"]
[Black "Rudolf, Herbert"]
[Result "1/2-1/2"]
[WhiteElo "2135"]
[BlackElo "2225"]
[PlyCount "55"]

1.e4 d5 2.exd5 Nf6 3.d4 Nxd5 4.c4 Nb6 5.Nf3 Bg4 6.Be2 e6 7.O-O c6 8.b3 Be7 9.Nc3
O-O 10.Be3 N8d7 11.h3 Bf5 12.Qd2 Nf6 13.Rad1 Ne4 14.Nxe4 Bxe4 15.Ne5 Nd7 16.f4
Qc7 17.Bf3 Bxf3 18.Rxf3 Rad8 19.Nxd7 Rxd7 20.f5 e5 21.f6 Bxf6 22.Rxf6 gxf6
23.Qf2 f5 24.Bh6 Qd6 25.Bxf8 Kxf8 26.Qxf5 exd4 27.Qxh7 Qe5 28.Qh4

[Event "Aut_2.Bundesliga_Ost_2004/05"]
[Site "Eichgraben(1+2) Wien(3+4) Wien"]
[Date "2004.10.09"]
[Round "1"]
[Board "5"]
[White "Kremsner, Andreas"]
[Black "Zsifkovits, Robert"]
[Result "1-0"]
[WhiteElo "2207"]
[BlackElo "2158"]
[PlyCount "129"]

1.d4 Nf6 2.Nf3 e6 3.g3 b6 4.Bg2 Bb7 5.c4 c5 6.d5 exd5 7.Nh4 g6 8.Nc3 Bg7 9.Nxd5
Nxd5 10.Bxd5 Nc6 11.O-O O-O 12.Nf3 Re8 13.Ng5 Rf8 14.Ne4 Qc7 15.Bf4 Ne5 16.Rc1
Bc6 17.Qd2 Kh8 18.Rfd1 Rae8 19.b3 f5 20.Ng5 Re7 21.h4 Qb7 22.h5 h6 23.Nf3 Bxd5
24.Nxe5 Bxe5 25.Bxe5+ Rxe5 26.Qxh6+ Kg8 27.Qxg6+ Kh8 28.Qh6+ Kg8 29.Qg6+ Kh8
30.Rxd5 Rxd5 31.Qh6+ Kg8 32.Qg6+ Kh8 33.cxd5 Qxd5 34.Qh6+ Kg8 35.Qg6+ Kh8 36.Rc3
Qe6 37.Qg5 Rg8 38.Qf4 Rg4 39.Qb8+ Rg8 40.Qf4 Rg4 41.Qb8+ Rg8 42.Qxa7 f4 43.Qc7
fxg3 44.Rxg3 Rxg3+ 45.fxg3 Qxe2 46.Qd8+ Kh7 47.Qxd7+ Kg8 48.Qd5+ Kh8 49.a4 Qe7
50.Kg2 Qf6 51.Kh3 Qf1+ 52.Kh4 Qf6+ 53.Kg4 Qg7+ 54.Kf5 Qf8+ 55.Ke5 Qe8+ 56.Kd6
Qb8+ 57.Ke6 Qe8+ 58.Kf6 Qf8+ 59.Ke5 Qe7+ 60.Qe6 Qc7+ 61.Qd6 Qb7 62.Ke6 Qc8+
63.Ke7 Qb7+ 64.Kd8 Qf7 65.Qe5+

[Event "Aut_2.Bundesliga_Ost_2004/05"]
[Site "Eichgraben(1+2) Wien(3+4) Wien"]
[Date "2004.10.09"]
[Round "1"]
[Board "6"]
[White "Petschar, Hans"]
[Black "Steinwender, Peter"]
[Result "1-0"]
[WhiteElo "2050"]
[BlackElo "2140"]
[PlyCount "57"]

1.Nf3 Nf6 2.c4 c6 3.g3 d5 4.d4 dxc4 5.Bg2 Bf5 6.Na3 e6 7.Nxc4 Bb4+ 8.Bd2 Bxd2+
9.Qxd2 O-O 10.O-O Qe7 11.Qa5 Rd8 12.Rfd1 Na6 13.Nfe5 Nb4 14.Ne3 Be4 15.f3 Bd5
16.a3 Na6 17.b4 Nc7 18.Qa4 Nd7 19.Qc2 f6 20.Nxd7 Rxd7 21.Bh3 Rd6 22.Ng4 h5
23.Nf2 e5 24.dxe5 Qxe5 25.e4 Be6 26.f4 Rxd1+ 27.Rxd1 Qb5 28.Bxe6+ Nxe6 29.Qb3

[Event "Aut_2.Bundesliga_Ost_2004/05"]
[Site "Eichgraben(1+2) Wien(3+4) Wien"]
[Date "2004.10.10"]
[Round "2"]
[Board "1"]
[White "Schlosser, Michael"]
[Black "Lau, Ralf"]
[Result "0-1"]
[WhiteElo "2364"]
[BlackElo "2481"]
[PlyCount "118"]

1.e4 g6 2.d4 Bg7 3.Nc3 d6 4.Bc4 Nc6 5.Be3 Nf6 6.f3 O-O 7.Nge2 e5 8.dxe5 Nxe5
9.Bb3 a5 10.a4 Be6 11.Bxe6 fxe6 12.Nf4 Qd7 13.O-O Nc4 14.Bc1 Rae8 15.Qd3 Qc6
16.Ra2 Nd7 17.Nb5 Nxb2 18.Bxb2 Rxf4 19.Qd2 Rf7 20.Bxg7 Rxg7 21.Kh1 Qc4 22.Rfa1
b6 23.Ra3 Qc6 24.Nd4 Qa8 25.Rd1 Nc5 26.h3 Rd7 27.Qh6 Qd8 28.c4 Qf6 29.Qc1 Rf7
30.Nb5 Qe5 31.Nc3 Nd7 32.Nb5 Nf6 33.Qc3 Qxc3 34.Rxc3 e5 35.Kg1 Ref8 36.Na3 Nd7
37.Nb5 Nc5 38.Ra3 Kg7 39.Nc3 Kf6 40.Kf2 Ke6 41.Ke3 Kd7 42.Ra2 Kc6 43.Nb5 g5
44.Na7+ Kb7 45.Nb5 h5 46.Nc3 Kc6 47.Ne2 g4 48.fxg4 hxg4 49.h4 Rf2 50.Nc3 Rxa2
51.Nxa2 Nxa4 52.h5 Nb2 53.Rh1 Nxc4+ 54.Kd3 b5 55.h6 Kc5 56.Nc3 c6 57.Ne2 d5
58.Ng3 Nd6 59.Rh5 Rh8

[Event "Aut_2.Bundesliga_Ost_2004/05"]
[Site "Eichgraben(1+2) Wien(3+4) Wien"]
[Date "2004.10.10"]
[Round "2"]
[Board "2"]
[White "Srienz, Christian"]
[Black "Wirius, Stefan"]
[Result "1/2-1/2"]
[WhiteElo "2285"]
[BlackElo "2334"]
[PlyCount "91"]

1.e4 c5 2.Nf3 d6 3.d4 cxd4 4.Nxd4 Nf6 5.Nc3 Nc6 6.Bg5 e6 7.Qd2 a6 8.O-O-O Bd7
9.f4 h6 10.Bh4 g5 11.fxg5 Ng4 12.Nxc6 Bxc6 13.Be2 Ne5 14.g3 Ng6 15.Rdf1 Be7
16.gxh6 Bxh4 17.gxh4 Qxh4 18.Qxd6 Rxh6 19.Rhg1 Rd8 20.Qc5 Qe7 21.Qf2 Rd7 22.e5
Rh8 23.Qe3 Qh4 24.Bd3 Ne7 25.Kb1 Qxh2 26.Rg7 Nd5 27.Nxd5 Bxd5 28.Qg5 Re7
29.Rgxf7 Rxf7 30.Rxf7 Qh4 31.Qxh4 Rxh4 32.Rf1 Be4 33.Re1 Bxd3 34.cxd3 Rh2 35.Rc1
Kd7 36.Rc4 Re2 37.d4 b5 38.Rc2 Re1+ 39.Rc1 Re2 40.Rh1 Kc6 41.Rh8 Kd5 42.Rd8+ Kc4
43.Rd6 a5 44.Rxe6 Kxd4 45.Ra6 a4 46.e6

[Event "Aut_2.Bundesliga_Ost_2004/05"]
[Site "Eichgraben(1+2) Wien(3+4) Wien"]
[Date "2004.10.10"]
[Round "2"]
[Board "3"]
[White "Hodysh, Yuriy"]
[Black "Wukits, Rene"]
[Result "1-0"]
[WhiteElo "2166"]
[BlackElo "2265"]
[PlyCount "101"]

1.d4 d5 2.c4 e6 3.Nc3 Nf6 4.cxd5 exd5 5.Bg5 Be7 6.e3 c6 7.Bd3 Na6 8.Bxa6 bxa6
9.Nge2 h6 10.Bh4 Bf5 11.O-O g5 12.Bg3 h5 13.f3 h4 14.Be5 Rh6 15.Bxf6 Bxf6 16.Rc1
Qe7 17.Qd2 Kf8 18.Rce1 Re8 19.Nc1 Qd6 20.Nb3 Bd8 21.e4 Bc7 22.e5 Qg6 23.Nc5 Bb6
24.N3a4 Bd8 25.Re3 Kg7 26.Rfe1 Rhh8 27.Nb7 Bc7 28.Nac5 Bc8 29.Nd6 Re7 30.Nxc8
Rxc8 31.Nxa6 Bb6 32.b4 Qf5 33.a4 Rce8 34.a5 Qc8 35.axb6 Qxa6 36.Rc3 Re6 37.Qxg5+
Rg6 38.Qxh4 Qxb6 39.Qf2 Qxb4 40.Rec1 Qa4 41.f4 f5 42.h3 Rb8 43.Rg3 Rb3 44.Rxg6+
Kxg6 45.Kh2 Rb6 46.Qg3+ Kf7 47.e6+ Kxe6 48.Re1+ Kf7 49.Qg5 Qxd4 50.Qe7+ Kg8
51.Qe8+

[Event "Aut_2.Bundesliga_Ost_2004/05"]
[Site "Eichgraben(1+2) Wien(3+4) Wien"]
[Date "2004.10.10"]
[Round "2"]
[Board "4"]
[White "Ponjican, Erich"]
[Black "Vitouch, Anatol"]
[Result "1/2-1/2"]
[WhiteElo "2135"]
[BlackElo "2185"]
[PlyCount "73"]

1.e4 c5 2.Nf3 Nc6 3.d4 cxd4 4.Nxd4 e6 5.Nc3 a6 6.Be3 Qc7 7.Qd2 b5 8.O-O-O Bb7
9.f3 Bb4 10.a3 Be7 11.g4 b4 12.axb4 Bxb4 13.Nxc6 Bxc6 14.Qd4 Be7 15.g5 f6 16.h4
Qa5 17.Kb1 Rb8 18.Na2 Kf7 19.Bc4 Ba3 20.Bb3 Be7 21.f4 Rb5 22.Nc3 Bc5 23.Qd3 Rb4
24.f5 Ne7 25.gxf6 gxf6 26.Rhg1 Rhb8 27.Bxc5 Qxc5 28.Qf3 Rxb3 29.Qh5+ Kf8 30.cxb3
exf5 31.Qxh7 Rxb3 32.Qh8+ Kf7 33.Qh5+ Kf8 34.Qh8+ Kf7 35.Qh5+ Kf8 36.Qh6+ Kf7
37.Qh5+

[Event "Aut_2.Bundesliga_Ost_2004/05"]
[Site "Eichgraben(1+2) Wien(3+4) Wien"]
[Date "2004.10.10"]
[Round "2"]
[Board "5"]
[White "Wirius, Johannes"]
[Black "Zsifkovits, Robert"]
[Result "0-1"]
[WhiteElo "2182"]
[BlackElo "2158"]
[PlyCount "56"]

1.c4 Nf6 2.Nc3 e6 3.Nf3 c5 4.g3 b6 5.Bg2 Bb7 6.O-O Be7 7.d3 O-O 8.Bf4 d6 9.a3
Nc6 10.Qa4 Qc8 11.Rfc1 Nh5 12.Bd2 f5 13.b4 Nd4 14.Nxd4 cxd4 15.Bxb7 Qxb7 16.Nb5
e5 17.Qb3 Kh8 18.a4 a6 19.Na3 Qd7 20.e3 f4 21.Qd1 Qf5 22.g4 Qg6 23.exd4 f3 24.h3
Nf4 25.Bxf4 Rxf4 26.c5 Rxg4+ 27.hxg4 Qxg4+ 28.Kf1 Bg5

[Event "Aut_2.Bundesliga_Ost_2004/05"]
[Site "Eichgraben(1+2) Wien(3+4) Wien"]
[Date "2004.10.10"]
[Round "2"]
[Board "6"]
[White "Petschar, Hans"]
[Black "Zaynard, Andreas"]
[Result "1/2-1/2"]
[WhiteElo "2050"]
[BlackElo "2038"]
[PlyCount "122"]

1.Nf3 d6 2.c4 e5 3.Nc3 Bg4 4.d4 Nd7 5.g3 Bxf3 6.exf3 exd4 7.Qxd4 Ne7 8.Bg2 Nc6
9.Qe3+ Be7 10.f4 O-O 11.O-O Re8 12.Qd2 Bf6 13.b3 a5 14.Bb2 Nc5 15.Rab1 Ne7
16.Rfd1 Qd7 17.Nd5 Bxb2 18.Qxb2 Nxd5 19.Rxd5 c6 20.Rd2 Rad8 21.Rbd1 Qe6 22.Qa3
a4 23.b4 Na6 24.b5 cxb5 25.Bxb7 b4 26.Qxa4 Nc5 27.Qxb4 Nxb7 28.Qxb7 Qxc4 29.Qd5
Qxd5 30.Rxd5 Ra8 31.R1d2 Kf8 32.Rxd6 Ke7 33.f5 Ra5 34.g4 h5 35.h3 hxg4 36.hxg4
Ra4 37.f3 Rea8 38.Rd7+ Ke8 39.Kf2 Rxa2 40.Kg3 Rxd2 41.Rxd2 f6 42.Kh4 Ra3 43.Kg3
Re3 44.Ra2 Re7 45.Ra6 Kf7 46.Ra8 g5 47.fxg6+ Kxg6 48.f4 Re1 49.f5+ Kg7 50.Ra7+
Kg8 51.Kf4 Rg1 52.Re7 Rg2 53.Re4 Rd2 54.Kg3 Rd1 55.Re3 Kf7 56.Kf4 Rf1+ 57.Kg3
Rd1 58.Ra3 Rc1 59.Kh4 Rh1+ 60.Rh3 Rg1 61.Re3 Rh1+

[Event "Aut_2.Bundesliga_Ost_2004/05"]
[Site "Eichgraben(1+2) Wien(3+4) Wien"]
[Date "2004.10.10"]
[Round "2"]
[Board "2"]
[White "Schweda, Roland"]
[Black "Miniboeck, Guenter"]
[Result "1/2-1/2"]
[WhiteElo "2410"]
[BlackElo "2345"]
[PlyCount "84"]

1.d4 Nf6 2.c4 e6 3.Nc3 Bb4 4.e3 c5 5.Nge2 cxd4 6.exd4 O-O 7.a3 Be7 8.Nf4 d5
9.cxd5 Nxd5 10.Ncxd5 exd5 11.Bd3 Nc6 12.O-O Bf6 13.Be3 g6 14.Rc1 Qd6 15.Rc5 Be6
16.Nxe6 Qxe6 17.Bb5 Ne7 18.Re1 Qb6 19.b4 a5 20.bxa5 Qxa5 21.a4 Rfd8 22.Bf4 Bxd4
23.Bc7 Qb4 24.Rc1 Rdc8 25.Bd7 Bc3 26.Bxc8 Bxe1 27.Bd7 Bc3 28.Rb1 Qe4 29.f3 Qe3+
30.Kh1 d4 31.Qb3 Rf8 32.a5 Qd2 33.Bd6 Rd8 34.Qxb7 Nf5 35.Bxf5 gxf5 36.Qe7 Bxa5
37.Qf6 Rc8 38.h3 Rc1+ 39.Rxc1 Qxc1+ 40.Kh2 Bc7 41.Qxd4 Bxd6+ 42.Qxd6 Qg5

[Event "Aut_2.Bundesliga_Ost_2004/05"]
[Site "Eichgraben(1+2) Wien(3+4) Wien"]
[Date "2004.10.10"]
[Round "2"]
[Board "3"]
[White "Brandner, Stefan"]
[Black "Kummer, Helmut"]
[Result "1/2-1/2"]
[WhiteElo "2316"]
[BlackElo "2350"]
[PlyCount "67"]

1.d4 d5 2.Nc3 Nf6 3.Bg5 c6 4.e3 Bf5 5.Bd3 Bg6 6.f4 e6 7.Nf3 Be7 8.O-O Nbd7 9.Qe1
Ne4 10.Bxe4 Bxe4 11.Nxe4 dxe4 12.Bxe7 Qxe7 13.Nd2 f5 14.Kh1 O-O 15.g4 g6 16.Rg1
Kh8 17.Nc4 Nb6 18.Ne5 Nd7 19.gxf5 gxf5 20.Nxd7 Qxd7 21.d5 cxd5 22.Qc3+ d4
23.exd4 Rac8 24.Qe3 Rg8 25.c3 Qd5 26.b3 b5 27.Rxg8+ Rxg8 28.Rg1 Qd8 29.c4 bxc4
30.bxc4 Qa5 31.a3 Qa4 32.Rc1 Qd7 33.c5 Qc6 34.Rg1

[Event "Aut_2.Bundesliga_Ost_2004/05"]
[Site "Eichgraben(1+2) Wien(3+4) Wien"]
[Date "2004.10.10"]
[Round "2"]
[Board "4"]
[White "Rudolf, Herbert"]
[Black "Sulyok, Michael"]
[Result "1/2-1/2"]
[WhiteElo "2225"]
[BlackElo "2205"]
[PlyCount "67"]

1.b4 e5 2.Bb2 Bxb4 3.Bxe5 Nf6 4.e3 d5 5.Nf3 O-O 6.Be2 c5 7.Bb2 Nc6 8.O-O Bg4
9.d3 Qe7 10.Nbd2 Rfd8 11.a3 Ba5 12.c4 Bxf3 13.Bxf3 Bxd2 14.cxd5 Ne5 15.Bxe5 Qxe5
16.Qxd2 Nxd5 17.Rac1 Qe7 18.Qb2 Rab8 19.Rfd1 Nf6 20.a4 b6 21.g3 Rd6 22.d4 cxd4
23.Rxd4 Rxd4 24.Qxd4 Rd8 25.Qf4 Ne8 26.h4 g6 27.h5 Qf6 28.Qxf6 Nxf6 29.hxg6 hxg6
30.Rc7 Rd7 31.Rc6 Kg7 32.Kf1 Nd5 33.Rc4 Nc7 34.Ke2

[Event "Aut_2.Bundesliga_Ost_2004/05"]
[Site "Eichgraben(1+2) Wien(3+4) Wien"]
[Date "2004.10.10"]
[Round "2"]
[Board "5"]
[White "Herndlbauer, Martin"]
[Black "Kremsner, Andreas"]
[Result "0-1"]
[WhiteElo "2132"]
[BlackElo "2207"]
[PlyCount "72"]

1.e4 c5 2.Nc3 d6 3.Nf3 Nf6 4.d4 cxd4 5.Nxd4 a6 6.Be3 e5 7.Nb3 Be7 8.f3 Be6 9.Qd2
Nbd7 10.O-O-O b5 11.g4 Nb6 12.g5 Nfd7 13.Na5 Qc7 14.Nd5 Bxd5 15.exd5 Rc8 16.Nc6
Nxd5 17.Nxe7 Nxe7 18.Bh3 d5 19.f4 e4 20.Kb1 O-O 21.Rhg1 Rcd8 22.Qf2 Qc6 23.Rg3
Nc8 24.Bd4 Nd6 25.Rdg1 g6 26.Rc3 Nc4 27.b3 b4 28.Bxd7 Qxd7 29.Qh4 bxc3 30.Qh6 f5
31.gxf6 Rf7 32.Bxc3 d4 33.Rxg6+ hxg6 34.Qxg6+ Kh8 35.Be1 d3 36.Bc3 dxc2+

[Event "Aut_2.Bundesliga_Ost_2004/05"]
[Site "Eichgraben(1+2) Wien(3+4) Wien"]
[Date "2004.10.10"]
[Round "2"]
[Board "2"]
[White "Schroll, Gerhard"]
[Black "Sandhu, Mario"]
[Result "1/2-1/2"]
[WhiteElo "2364"]
[BlackElo "2314"]
[PlyCount "97"]

1.d4 Nf6 2.c4 e6 3.Nf3 b6 4.Bf4 Bb7 5.e3 Be7 6.Nc3 Nh5 7.Bg3 d6 8.Bd3 Nd7 9.Qc2
g6 10.Be4 c6 11.Nd2 f5 12.Bf3 Nxg3 13.hxg3 Nf6 14.e4 d5 15.cxd5 cxd5 16.e5 Ne4
17.Be2 Rc8 18.Ndxe4 dxe4 19.Rd1 O-O 20.Qa4 Bc6 21.Bb5 Qd7 22.Bxc6 Qxc6 23.Qxa7
Rc7 24.Qa6 Bb4 25.O-O Bxc3 26.bxc3 Ra8 27.Qe2 Qd5 28.Qb2 e3 29.Ra1 exf2+ 30.Rxf2
Rac8 31.Rc1 b5 32.a3 Rc4 33.Qd2 Qc6 34.g4 Rxc3 35.Rxc3 Qxc3 36.gxf5 Qxd2 37.Rxd2
gxf5 38.d5 exd5 39.Rxd5 Kf7 40.Rxb5 Ra8 41.Rb6 Rxa3 42.Rf6+ Ke7 43.Rxf5 Ke6
44.Rh5 Re3 45.Rh6+ Kxe5 46.Kf2 Ra3 47.Rxh7 Kf5 48.Rf7+ Kg5 49.Rf3

[Event "Aut_2.Bundesliga_Ost_2004/05"]
[Site "Eichgraben(1+2) Wien(3+4) Wien"]
[Date "2004.10.10"]
[Round "2"]
[Board "3"]
[White "Hofbauer, Martin"]
[Black "Wiedner, Robert"]
[Result "1-0"]
[WhiteElo "2334"]
[BlackElo "2216"]
[PlyCount "34"]

1.e4 g6 2.d4 Bg7 3.Nf3 d6 4.c3 Nf6 5.Bd3 O-O 6.Bg5 Qe8 7.O-O e5 8.Re1 Nc6 9.Nbd2
h6 10.Bh4 Nh5 11.dxe5 Nxe5 12.Nxe5 Qxe5 13.Nc4 Qc5 14.Ne3 Be6 15.Nf5 Nf4 16.Nxg7
Kxg7 17.Bf1 Bc4

[Event "Aut_2.Bundesliga_Ost_2004/05"]
[Site "Eichgraben(1+2) Wien(3+4) Wien"]
[Date "2004.10.10"]
[Round "2"]
[Board "4"]
[White "Posch, Werner"]
[Black "Schneider-Zinner, Harald"]
[Result "1/2-1/2"]
[WhiteElo "2170"]
[BlackElo "2358"]
[PlyCount "29"]

1.e4 c6 2.d3 d5 3.Nd2 Nf6 4.Ngf3 Bg4 5.h3 Bxf3 6.Qxf3 Nbd7 7.Qe2 Qc7 8.g3 e6
9.Bg2 Bc5 10.Nf3 Ne5 11.Nxe5 Qxe5 12.c3 Qc7 13.d4 Bb6 14.e5 Ng8 15.Qg4

[Event "Aut_2.Bundesliga_Ost_2004/05"]
[Site "Eichgraben(1+2) Wien(3+4) Wien"]
[Date "2004.10.10"]
[Round "2"]
[Board "5"]
[White "Hansen, Kay"]
[Black "Todor, Razvan"]
[Result "1/2-1/2"]
[WhiteElo "2208"]
[BlackElo "2158"]
[PlyCount "52"]

1.d4 Nf6 2.Bf4 g6 3.c3 Bg7 4.Nd2 d5 5.Ngf3 Nbd7 6.h3 O-O 7.e3 c5 8.Be2 b6 9.Ne5
Nxe5 10.Bxe5 Nd7 11.Bxg7 Kxg7 12.h4 e5 13.dxe5 Nxe5 14.Nf3 Ng4 15.Nh2 Nxh2
16.Rxh2 Qd6 17.Rh1 h5 18.Bf3 Be6 19.g4 hxg4 20.Bxg4 Rh8 21.Bf3 Rad8 22.h5 d4
23.cxd4 cxd4 24.Qxd4+ Qxd4 25.exd4 Rxd4 26.hxg6 Rxh1+

[Event "Aut_2.Bundesliga_Ost_2004/05"]
[Site "Eichgraben(1+2) Wien(3+4) Wien"]
[Date "2004.10.10"]
[Round "2"]
[Board "6"]
[White "Zielbauer, Thomas"]
[Black "Schwab, Rene"]
[Result "0-1"]
[WhiteElo "2141"]
[BlackElo "2268"]
[PlyCount "68"]

1.e4 c6 2.d4 d5 3.Nc3 dxe4 4.Nxe4 Nf6 5.Nxf6+ gxf6 6.Nf3 Bf5 7.Bd3 e6 8.c3 Bxd3
9.Qxd3 Qc7 10.Be3 Nd7 11.O-O-O O-O-O 12.Qc2 Bd6 13.Qa4 b5 14.Qa6+ Qb7 15.Qxb7+
Kxb7 16.Nd2 Nb6 17.Ne4 Be7 18.g4 Nd5 19.Bd2 h5 20.h3 Rh7 21.f4 hxg4 22.hxg4 Rdh8
23.Rhg1 Rh2 24.Rde1 Kc7 25.f5 Kd7 26.Ref1 R8h4 27.Be1 R4h3 28.Bg3 Re2 29.Re1
Rxe1+ 30.Rxe1 exf5 31.gxf5 Rh5 32.Bc7 a6 33.Ng3 Rg5 34.Rh1 Rg8

[Event "Aut_2.Bundesliga_Ost_2004/05"]
[Site "Eichgraben(1+2) Wien(3+4) Wien"]
[Date "2004.10.10"]
[Round "2"]
[Board "1"]
[White "Likavsky, Tomas"]
[Black "Polak, Thomas"]
[Result "1/2-1/2"]
[WhiteElo "2449"]
[BlackElo "2466"]
[PlyCount "38"]

1.d4 Nf6 2.c4 e6 3.Nf3 d5 4.g3 Be7 5.Bg2 O-O 6.O-O c6 7.Qc2 Nbd7 8.Rd1 b6 9.b3
Bb7 10.Nc3 Rc8 11.e4 Ba6 12.Ne5 dxc4 13.Nxc4 b5 14.Ne3 b4 15.Na4 Qa5 16.Nb2 Qh5
17.Nbc4 Bb5 18.Bb2 Rfd8 19.Rac1 Ng4

[Event "Aut_2.Bundesliga_Ost_2004/05"]
[Site "Eichgraben(1+2) Wien(3+4) Wien"]
[Date "2004.10.10"]
[Round "2"]
[Board "2"]
[White "Chytilek, Roman"]
[Black "Manik, Mikulas"]
[Result "1/2-1/2"]
[WhiteElo "2424"]
[BlackElo "2510"]
[PlyCount "22"]

1.d4 Nf6 2.c4 c6 3.Nc3 d5 4.e3 a6 5.Bd3 b5 6.b3 Bg4 7.Qc2 e6 8.h3 Bh5 9.Nge2 Bg6
10.O-O Nbd7 11.e4 b4

[Event "Aut_2.Bundesliga_Ost_2004/05"]
[Site "Eichgraben(1+2) Wien(3+4) Wien"]
[Date "2004.10.10"]
[Round "2"]
[Board "3"]
[White "Plank, Franz"]
[Black "Groetz, Harald"]
[Result "1/2-1/2"]
[WhiteElo "2305"]
[BlackElo "2299"]
[PlyCount "127"]

1.d4 Nf6 2.Nf3 g6 3.Nc3 d5 4.Qd3 Bg7 5.e4 dxe4 6.Nxe4 Nxe4 7.Qxe4 O-O 8.c3 Nd7
9.Be2 c5 10.O-O cxd4 11.Nxd4 Nc5 12.Qe3 Qc7 13.Nb3 Na6 14.Qf4 e5 15.Qh4 Be6
16.Bh6 Qb6 17.Bxg7 Kxg7 18.Bc4 Bf5 19.Rad1 Rac8 20.Rd2 h6 21.Bd3 Be6 22.Bc2 Rfe8
23.Qg3 Bc4 24.Re1 Qf6 25.Qe3 b6 26.Bd3 Bxd3 27.Rxd3 Rcd8 28.Red1 Rxd3 29.Rxd3
Re7 30.Qe4 Nc7 31.g3 Qe6 32.Rd2 a5 33.Qd3 a4 34.Nc1 f5 35.b3 axb3 36.axb3 Ne8
37.c4 e4 38.Qd4+ Nf6 39.Ne2 g5 40.Nc3 Rd7 41.Nd5 Kf7 42.h3 f4 43.Kh2 e3 44.fxe3
fxg3+ 45.Kg2 h5 46.Rd1 Ne4 47.Rf1+ Kg6 48.Rf8 h4 49.Qh8 Rg7 50.Re8 Qf5 51.Ne7+
Rxe7 52.Rg8+ Kf7 53.Rf8+ Ke6 54.Rxf5 Kxf5 55.Qc8+ Re6 56.b4 Ke5 57.Qc7+ Kf6
58.c5 bxc5 59.b5 Rd6 60.Kf3 Nd2+ 61.Ke2 Ne4 62.Kf3 Nd2+ 63.Kg2 Ne4 64.Kf3

[Event "Aut_2.Bundesliga_Ost_2004/05"]
[Site "Eichgraben(1+2) Wien(3+4) Wien"]
[Date "2004.10.10"]
[Round "2"]
[Board "4"]
[White "Hangweyrer, Manfred"]
[Black "Achs, Reinhold"]
[Result "1-0"]
[WhiteElo "2347"]
[BlackElo "2166"]
[PlyCount "65"]

1.e4 Nf6 2.Nc3 d5 3.e5 Nfd7 4.f4 e6 5.Nf3 c5 6.d4 Nc6 7.Be3 Be7 8.Qd2 Qa5 9.a3
Rb8 10.Rd1 b5 11.Ne2 b4 12.axb4 Qxb4 13.Qxb4 cxb4 14.Ra1 Nb6 15.b3 a5 16.Nc1 Ra8
17.Bb5 Bd7 18.Nd3 Nb8 19.Bxd7+ N6xd7 20.Ke2 Nc6 21.g4 h5 22.h3 hxg4 23.hxg4 Rxh1
24.Rxh1 a4 25.bxa4 Rxa4 26.Rh8+ Bf8 27.Nc1 Na5 28.f5 Nc4 29.Bg5 exf5 30.gxf5 f6
31.e6 Ndb6 32.Nh4 fxg5 33.Ng6

[Event "Aut_2.Bundesliga_Ost_2004/05"]
[Site "Eichgraben(1+2) Wien(3+4) Wien"]
[Date "2004.10.10"]
[Round "2"]
[Board "5"]
[White "Allacher, Erwin"]
[Black "Batyte, Daiva"]
[Result "0-1"]
[WhiteElo "2147"]
[BlackElo "2130"]
[PlyCount "88"]

1.d4 Nf6 2.c4 e6 3.Nf3 Bb4+ 4.Nbd2 b6 5.e3 Bb7 6.a3 Be7 7.Bd3 d5 8.O-O O-O 9.Qc2
Nbd7 10.b3 c5 11.Bb2 h6 12.Rfe1 Rc8 13.Rac1 Bd6 14.Qb1 Bb8 15.h3 cxd4 16.exd4
Bf4 17.Rc2 dxc4 18.bxc4 Ba6 19.Qd1 Rc7 20.g3 Bd6 21.Qe2 Bb7 22.Ne4 Nxe4 23.Bxe4
Bxe4 24.Qxe4 Nf6 25.Qd3 Rd7 26.Qb3 Nh7 27.h4 Qc7 28.Ne5 Bxe5 29.Rxe5 Rc8 30.Re1
Nf6 31.Qf3 Qd6 32.Kg2 Ne8 33.Rec1 Rdc7 34.g4 Qe7 35.Kg3 Nd6 36.Qe2 Ne8 37.Qe3
Qd7 38.g5 Nd6 39.Qf4 hxg5 40.hxg5 Rxc4 41.Rxc4 Rxc4 42.Qe5 Rxc1 43.Bxc1 Nf5+
44.Kg2 Qc6+

[Event "Aut_2.Bundesliga_Ost_2004/05"]
[Site "Eichgraben(1+2) Wien(3+4) Wien"]
[Date "2004.10.10"]
[Round "2"]
[Board "1"]
[White "Hagara, Eduard"]
[Black "Plachetka, Jan"]
[Result "1/2-1/2"]
[WhiteElo "2398"]
[BlackElo "2435"]
[PlyCount "48"]

1.e4 e5 2.Nf3 Nc6 3.Bb5 a6 4.Ba4 Nf6 5.O-O Be7 6.Re1 b5 7.Bb3 O-O 8.h3 Bb7 9.d3
h6 10.a3 d6 11.Nbd2 Re8 12.Nf1 Bf8 13.c4 Qd7 14.Ng3 g6 15.Bc2 Bg7 16.Be3 Nd8
17.Qd2 Kh7 18.b4 Ne6 19.a4 c5 20.bxc5 Nxc5 21.Bxc5 dxc5 22.cxb5 axb5 23.axb5
Qxb5 24.Reb1 Rxa1

[Event "Aut_2.Bundesliga_Ost_2004/05"]
[Site "Eichgraben(1+2) Wien(3+4) Wien"]
[Date "2004.10.10"]
[Round "2"]
[Board "2"]
[White "Staudner, Oliver"]
[Black "Stranz, Richard"]
[Result "1/2-1/2"]
[WhiteElo "2392"]
[BlackElo "2272"]
[PlyCount "23"]

1.e4 c5 2.Nf3 Nc6 3.Bb5 d6 4.O-O Bd7 5.Re1 e5 6.h3 a6 7.Bf1 Be7 8.c3 Nf6 9.d4
Qc7 10.d5 Na7 11.Na3 b5 12.c4

[Event "Aut_2.Bundesliga_Ost_2004/05"]
[Site "Eichgraben(1+2) Wien(3+4) Wien"]
[Date "2004.10.10"]
[Round "2"]
[Board "3"]
[White "Krpelan, Wolfgang"]
[Black "Bukacek, Emil"]
[Result "1-0"]
[WhiteElo "2246"]
[BlackElo "2240"]
[PlyCount "57"]

1.d4 f5 2.Nc3 d5 3.Bg5 c6 4.e3 g6 5.h4 h6 6.Bf4 Nf6 7.Nf3 Be6 8.Ne5 Rg8 9.Be2
Nbd7 10.Qd3 Ne4 11.Nxe4 fxe4 12.Qa3 Nxe5 13.Bxe5 b5 14.Qb3 a5 15.a4 b4 16.c3 Qb6
17.cxb4 axb4 18.O-O Bg7 19.Bxg7 Rxg7 20.Rfc1 Bd7 21.Rc5 Ra5 22.Rac1 Ra7 23.Ra1
Ra5 24.Rxa5 Qxa5 25.Rc1 e5 26.Rc5 Qa7 27.Qxb4 exd4 28.Qxd4 Re7 29.Rxd5

[Event "Aut_2.Bundesliga_Ost_2004/05"]
[Site "Eichgraben(1+2) Wien(3+4) Wien"]
[Date "2004.10.10"]
[Round "2"]
[Board "4"]
[White "Schumi, Manfred"]
[Black "Ranits, Franz"]
[Result "0-1"]
[WhiteElo "2225"]
[BlackElo "2272"]
[PlyCount "128"]

1.e4 Nf6 2.e5 Nd5 3.d4 d6 4.Nf3 Bg4 5.Be2 c6 6.O-O Bxf3 7.Bxf3 dxe5 8.dxe5 e6
9.Nd2 Nd7 10.Re1 Qc7 11.Qe2 Be7 12.g3 O-O 13.Bg2 Rad8 14.Nf3 Qa5 15.Bg5 Nc5
16.a3 Bxg5 17.Nxg5 Qb6 18.Qc4 Rd7 19.b3 Rfd8 20.Rad1 h6 21.Ne4 Nxe4 22.Qxe4 Nc3
23.Rxd7 Nxe4 24.Rxd8+ Qxd8 25.Bxe4 Kf8 26.a4 Qd4 27.Bd3 Qb4 28.Re3 b5 29.Re4 Qc5
30.Kg2 Ke7 31.f4 Kd7 32.Kf1 Kc7 33.Kg2 Kb6 34.Kf1 Qd5 35.Kg2 f5 36.exf6 gxf6
37.Kh3 Kc7 38.Kh4 Kd7 39.Kh3 Qh5+ 40.Kg2 Ke7 41.Re2 Qd5+ 42.Be4 Qc5 43.Bd3 bxa4
44.bxa4 Qa3 45.Re4 f5 46.Re5 Qxa4 47.Bxf5 Qa2 48.Bd3 Kd6 49.Kh3 c5 50.Re4 a5
51.g4 a4 52.f5 exf5 53.gxf5 Qb2 54.Re6+ Kd7 55.Ra6 a3 56.f6 a2 57.Bf5+ Kc7 58.f7
a1=Q 59.f8=Q Qxa6 60.Qc8+ Kd6 61.Qd7+ Ke5 62.Bg4 Qd4 63.Qc7+ Ke4 64.Qh7+ Ke3

[Event "Aut_2.Bundesliga_Ost_2004/05"]
[Site "Eichgraben(1+2) Wien(3+4) Wien"]
[Date "2004.10.10"]
[Round "2"]
[Board "5"]
[White "Galavics, Hermann"]
[Black "Rogetzer, Klaus"]
[Result "1/2-1/2"]
[WhiteElo "2098"]
[BlackElo "2124"]
[PlyCount "41"]

1.d4 Nf6 2.c4 g6 3.Nc3 Bg7 4.e4 d6 5.Bd3 e5 6.d5 Nbd7 7.Nge2 Nc5 8.Bc2 a5 9.O-O
O-O 10.f3 c6 11.Be3 Rb8 12.a3 Na6 13.Rb1 cxd5 14.cxd5 Nd7 15.b4 axb4 16.axb4 f5
17.exf5 gxf5 18.f4 exf4 19.Bxf4 Qb6+ 20.Kh1 Ne5 21.h3

[Event "Aut_2.Bundesliga_Ost_2004/05"]
[Site "Eichgraben(1+2) Wien(3+4) Wien"]
[Date "2004.10.10"]
[Round "2"]
[Board "1"]
[White "Lipka, Juraj"]
[Black "Gross, Stefan"]
[Result "1/2-1/2"]
[WhiteElo "2387"]
[BlackElo "2274"]
[PlyCount "27"]

1.d4 d5 2.Nf3 Nf6 3.c4 dxc4 4.e3 Bg4 5.h3 Bh5 6.g4 Bg6 7.Ne5 Nbd7 8.Nxg6 hxg6
9.Bxc4 e6 10.Nc3 c6 11.Bd2 Bd6 12.Qf3 Qe7 13.O-O-O Nb6 14.Bd3

[Event "Aut_2.Bundesliga_Ost_2004/05"]
[Site "Eichgraben(1+2) Wien(3+4) Wien"]
[Date "2004.10.10"]
[Round "2"]
[Board "2"]
[White "Neumeier, Klaus"]
[Black "Alvir, Aco"]
[Result "1/2-1/2"]
[WhiteElo "2304"]
[BlackElo "2381"]
[PlyCount "20"]

1.e4 g6 2.d4 Bg7 3.Nc3 c6 4.Bc4 d6 5.Qf3 e6 6.Nge2 Nd7 7.O-O Ngf6 8.Bg5 O-O
9.Bb3 e5 10.Rad1 Qa5

[Event "Aut_2.Bundesliga_Ost_2004/05"]
[Site "Eichgraben(1+2) Wien(3+4) Wien"]
[Date "2004.10.10"]
[Round "2"]
[Board "3"]
[White "Rueckschloss, Karol"]
[Black "Weissenbeck, Manuel"]
[Result "1/2-1/2"]
[WhiteElo "2331"]
[BlackElo "2254"]
[PlyCount "70"]

1.c4 e5 2.Nc3 Nf6 3.e4 Bb4 4.Nf3 O-O 5.d3 Re8 6.Bg5 h6 7.Bh4 d6 8.Be2 Nbd7 9.O-O
Bxc3 10.bxc3 Nf8 11.Ne1 Ng6 12.Bg3 c6 13.Qb3 b6 14.Nc2 Be6 15.Nb4 Qc7 16.f3 a5
17.Nc2 b5 18.d4 bxc4 19.Qa4 Nd7 20.dxe5 dxe5 21.Kh1 Nc5 22.Qa3 Nd3 23.Nd4 c5
24.Nxe6 Rxe6 25.Rab1 Rb6 26.Qa4 Rxb1 27.Rxb1 Rb8 28.Rb5 Nb2 29.Rxb8+ Qxb8
30.Qxa5 Nd3 31.Bf1 Qb1 32.Kg1 Ngf4 33.Bxf4 exf4 34.Qa8+ Kh7 35.Qd5 Qe1